Teoría de la prueba y medios probatorios /

Estudio doctrinal y jurídico acerca de la prueba judicial. Considerando la importancia que revisten las pruebas dentro el procedimento judicial, el autor aborda su planteamiento en dos partes: en la primera realiza consideraciones generales de la prueba, y en la segunda, aborda los medios de prueba...

Celý popis

Uloženo v:
Podrobná bibliografie
Hlavní autor: Kielmanovich, Jorge L (autor)
Médium: Kniha
Jazyk:španělština
Témata:
Tagy: Přidat tag
Žádné tagy, Buďte první, kdo vytvoří štítek k tomuto záznamu!

MARC

LEADER 00000nam^a2200000^a^4500
001 000157619
005 20250521000000.0
009 20260310100546.045
020 |a 950-727-311-5 
037 |a Acervo ITESO - Biblioteca 
041 |a ESP 
082 |a 347. 8206  |b KIE 
100 |a Kielmanovich, Jorge L  |e (autor) 
245 1 0 |a Teoría de la prueba y medios probatorios /  |c J.L. Kielmanovich. 
264 |a Buenos Aires, Argentina :  |b Rubinzal-Culzoni,  |c 2001 
300 |a 776 p. 
336 |a texto  |b txt  |2 rdacontenido 
337 |a sin mediación  |b n  |2 rdamedio 
338 |a volumen  |b nc  |2 rdasoporte 
520 |a Estudio doctrinal y jurídico acerca de la prueba judicial. Considerando la importancia que revisten las pruebas dentro el procedimento judicial, el autor aborda su planteamiento en dos partes: en la primera realiza consideraciones generales de la prueba, y en la segunda, aborda los medios de prueba en particular, desde las consideraciones del código procesal argentino. 
649 |a XX 
650 |a Confesión (Derecho) -  |z Argentina 
650 |a Presunciones (Derecho) -  |z Argentina 
650 |a Prueba Documental -  |z Argentina 
650 |a Prueba Pericial -  |z Argentina 
650 |a Prueba Indiciaria -  |z Argentina 
650 |a Prueba (Derecho) -  |z Argentina 
650 |a Prueba (Derecho) -  |x Teoría 
650 |a Acciones y Defensas -  |z Argentina 
650 |a Derecho Procesal -  |z Argentina 
650 |a Derecho Procesal Civil -  |z Argentina 
650 |a Derecho Procesal -  |z Argentina 
650 |a Derecho Público -  |z Argentina 
650 |a Derecho Positivo -  |z Argentina 
910 |a Fondo General 
920 |a Impresos - Libros 
930 |a Colección General 
905 |a 101 
901 |a 0500087463  |b IT1  |c ACC  |u 20250521 
902 |a https://opac.biblio.iteso.mx/vufind/Record/000157619